Album Rap Français 2000's - Statistiques

Statistiques générales
  • Ce quiz a été pris 66 fois
  • Le résultat moyen est 10 sur 37
Statistiques - réponses
Album Rappeur % Correct
Temps Mort Booba
91%
Mauvais oeil Lunatic
84%
Les Princes de la ville 113
63%
La fierté des nôtres Rohff
63%
La main sur le coeur Sinik
49%
Art de rue Fonky Family
46%
Aller-retour La Fouine
44%
Si c'était à refaire... Kery James
40%
Qui Suis-Je ? Sefyu
39%
Vivre et mourir a Dakar Alpha 5.20
37%
Le poisson rouge Disiz
37%
L'amour est mort Oxmo puccino
37%
Paradis assassiné Lino
33%
Prolongations Salif
32%
Sur les chemins du retour Youssoupha
30%
Triple violences urbaines LIM
26%
La mélodie des briques Nessbeal
26%
Barillet plein Seth Gueko
25%
Les sirènes du charbon Despo Rutti
19%
Entre ciment et belle étoile Keny Arkana
19%
L'ombre sur la mesure La rumeur
19%
Table d'écoute Médine
19%
Tragédie d'une trajectoire Casey
14%
Ceux qui le savent m'écoutent Tandem
14%
A mon tour d'briller Zoxea
14%
Haine, misère et crasse Unité 2 Feu
12%
HLM rezidants Dicidens
11%
Les Points sur les i Intouchable
11%
Street minimum Nakk Mendosa
11%
J'éclaire ma ville Flynt
9%
Scarlattitude Nubi
9%
Rien à perdre rien à prouver Hi-Fi
5%
Vive la vie Klub des Loosers
5%
Rue LIM et Alibi Montana
4%
Vendetta Escobar Macson
2%
Contenu sous pression Karlito
2%
Diamants de conflit Lalcko
2%
Aucun quiz correspondant
Distribution des résultats
% des personnes avec chaque résultat
Percentile par nombre de réponses
Votre historique - résultats
Vous n’avez pas pris ce quiz